| 000 | 01222nam a2200337 a 4500 | ||
|---|---|---|---|
| 001 | 000111574 | ||
| 003 | CHAP | ||
| 005 | 20220329144219.0 | ||
| 008 | 150617s2015 mx a fsm |||||||spa d | ||
| 010 | _a108036 | ||
| 011 | _a109008 | ||
| 040 | _cCHAP | ||
| 090 | _aTesis | ||
| 100 | 1 |
_aPalacios Cruz, Dorian de Jesús _9129461 |
|
| 245 | 1 | 0 |
_aCálculo del índice de deterioro edáfico del macizo forestal del Ejido de San Jerónimo Amanalco, Texcoco _h[En línea] _cpor Dorian de Jesús Palacios Cruz. |
| 260 |
_aChapingo, Méx. : _bEl autor, _c2015. |
||
| 500 | _aPara ver el contenido del material haga clic en la liga | ||
| 502 | _aTesis (Ing. Forestal) -- UACH. División de Ciencias Forestales | ||
| 590 |
_aE11695DGD _b10 _c20150618 _lUCH01 _h1327 |
||
| 590 |
_aE5995AHE _b05 _c20150617 _lUCH01 _h1148 |
||
| 590 |
_aE5995AHE _b05 _c20150617 _lUCH01 _h1151 |
||
| 590 |
_aE5995AHE _b05 _c20150617 _lUCH01 _h1153 |
||
| 650 | 1 | 4 |
_aCuencas. _930085 |
| 650 | 1 | 4 |
_aRodales. _998229 |
| 650 | 1 | 4 |
_aSuelos _xConservación _xMéxico (Edo.) _9110307 |
| 650 | 1 | 4 |
_aSuelos _xDegradación. _9110336 |
| 856 |
_aFinding aid _uhttp://10.13.5.2/tesis/sist111574.pdf _zTeclea aquí |
||
| 901 | _aBK | ||
| 942 | _cTESIS | ||
| 942 | _n0 | ||
| 999 |
_c108036 _d108036 |
||